បរិស្ថាន (Record no. 9349)
[ view plain ]
| 000 -LEADER | |
|---|---|
| fixed length control field | 00264nam a22001217a 4500 |
| 040 ## - CATALOGING SOURCE | |
| Transcribing agency | HS |
| 082 ## - DEWEY DECIMAL CLASSIFICATION NUMBER | |
| Classification number | 639 |
| 100 ## - MAIN ENTRY--AUTHOR NAME | |
| Personal name | វុន វ៉ារី |
| 245 ## - TITLE STATEMENT | |
| Title | បរិស្ថាន |
| 260 ## - PUBLICATION, DISTRIBUTION, ETC. (IMPRINT) | |
| Place of publication | RUA |
| Name of publisher | វុន វ៉ារី |
| Year of publication | NA |
| 300 ## - PHYSICAL DESCRIPTION | |
| Number of Pages | NA |
| 942 ## - ADDED ENTRY ELEMENTS (KOHA) | |
| Koha item type | សៀវភៅភាសាខ្មែរ |
| 952 ## - LOCATION AND ITEM INFORMATION (KOHA) | |
| Withdrawn status [LOCAL, KOHA] | 0 |
| 952 ## - LOCATION AND ITEM INFORMATION (KOHA) | |
| Withdrawn status [LOCAL, KOHA] | 0 |
| Permanent Location | Date acquired | Koha item type | Lost status | Shelving location | Barcode | Current Location | Full call number |
|---|---|---|---|---|---|---|---|
| Library Block C | 2016-08-31 | សៀវភៅភាសាខ្មែរ | C244 | RUA41558 | Library Block C | 639 វុន NA C244 | |
| Library Block C | 2016-09-05 | សៀវភៅភាសាខ្មែរ | C250 | RUA40967 | Library Block C | 639 វុន NA C250 |